000 00330nam a2200121Ia 4500
008 230907s9999||||xx |||||||||||||| ||und||
082 _a535
_bKEY
100 _aKenyon, I. R.
_9115466
245 4 _aThe light fantastic :
260 _aOxford University Press,
_bOxford ; | New York :
_c2012
300 _axxi, 710 p. :
942 _cBK
999 _c598472
_d598472